| 000 | 00705nam a22001337a 4500 | ||
|---|---|---|---|
| 040 | _cRUA | ||
| 082 | _aATM NEA 2010 B198 Or.1 | ||
| 100 | _aNEANG, KHEMRITH | ||
| 245 | _aEffect of mulching and plant density on mungbea crop in rainfed lowland after rice, ឥទ្ធិពលនៃគម្របរុក្ខជាតិ និងដង់ស៊ីតេដើមទៅលើដំណាំសណ្តែកបាយនៅតំបន់ទំនាបក្រោយពេលប្រមូលស្រូវ | ||
| 260 |
_aPhnom Penh _bRUA _c2010 |
||
| 300 |
_axiii, 53p. _bill. _c29cm. |
||
| 856 | _uhttps://drive.google.com/file/d/1NxS727h-5Az0GemmGoqQz8WDZHVrgpbt/view?usp=sharing | ||
| 942 | _cATM | ||
| 999 |
_c4295 _d4295 |
||